Nonlinear-optical properties of semiconductors in terms of streamer discharge; Bulletin of the Tomsk Polytechnic University; Vol. 310, № 2

Bibliographische Detailangaben
Parent link:Bulletin of the Tomsk Polytechnic University/ Tomsk Polytechnic University (TPU).— , 2006-2007
Vol. 310, № 2.— 2007.— [P. 80-82]
1. Verfasser: Parashchuk V. V.
Weitere Verfasser: Rusakov К. I.
Zusammenfassung:Заглавие с титульного листа
Электронная версия печатной публикации
Nonlinear optical phenomena at streamer discharge in hexagonal and cubic semiconductors have been simulated. The possibility of light self-trapping in these conditions was shown.
Sprache:Englisch
Veröffentlicht: 2007
Schriftenreihe:Mathematics and mechanics. Physics
Schlagworte:
Online-Zugang:http://www.lib.tpu.ru/fulltext/v/Bulletin_TPU/2007/v310eng/i2/19.pdf
Format: MixedMaterials Elektronisch Buchkapitel
KOHA link:https://koha.lib.tpu.ru/cgi-bin/koha/opac-detail.pl?biblionumber=181781

MARC

LEADER 00000nla2a2200000 4500
001 181781
005 20231031171138.0
035 |a (RuTPU)RU\TPU\book\197048 
035 |a RU\TPU\book\197039 
090 |a 181781 
100 |a 20100610d2007 k y0rusy50 ca 
101 1 |a eng  |c rus 
102 |a RU 
135 |a drnn ---uucaa 
200 1 |a Nonlinear-optical properties of semiconductors in terms of streamer discharge  |b Electronic resource  |f V. V. Parashchuk, К. I. Rusakov 
203 |a Text  |c electronic 
215 |a 1 файл (174 Кб) 
225 1 |a Mathematics and mechanics. Physics 
230 |a Электронные текстовые данные (1 файл : 174 Кб) 
300 |a Заглавие с титульного листа 
300 |a Электронная версия печатной публикации 
320 |a [Bibliography: p. 82 (13 titles)] 
330 |a Nonlinear optical phenomena at streamer discharge in hexagonal and cubic semiconductors have been simulated. The possibility of light self-trapping in these conditions was shown. 
337 |a Adobe Reader 
461 1 |0 (RuTPU)RU\TPU\book\169973  |t Bulletin of the Tomsk Polytechnic University  |f Tomsk Polytechnic University (TPU)  |d 2006-2007 
463 1 |0 (RuTPU)RU\TPU\book\196868  |t Vol. 310, № 2  |v [P. 80-82]  |d 2007  |p 182 p. 
610 1 |a nonlinear-optical properties 
610 1 |a semiconductors 
610 1 |a streamer discharges 
610 1 |a optical phenomena 
610 1 |a nonlinear phenomena 
610 1 |a hexagonal semiconductors 
610 1 |a cubic semiconductors 
610 1 |a self-trapping 
610 1 |a light 
610 1 |a электронный ресурс 
675 |a 621.315.592  |v 3 
700 1 |a Parashchuk  |b V. V. 
701 1 |a Rusakov  |b К. I. 
801 1 |a RU  |b 63413507  |c 20090623  |g PSBO 
801 2 |a RU  |b 63413507  |c 20120418  |g PSBO 
856 4 |u http://www.lib.tpu.ru/fulltext/v/Bulletin_TPU/2007/v310eng/i2/19.pdf 
942 |c CF